ポケポケ exポケモン - Statistics

General Stats
  • This quiz has been taken 144 times
    9 since last reset
  • The average score is 67 of 129
Answer Stats
ヒント Answer % Correct
最強の遺伝子 フシギバナ
100%
シャイニングハイ | 最強の遺伝子 リザードン
100%
最強の遺伝子 ファイヤー
83%
最強の遺伝子 カメックス
83%
最強の遺伝子 スターミー
83%
最強の遺伝子 フリーザー
83%
シャイニングハイ | 最強の遺伝子 ピカチュウ
83%
最強の遺伝子 サンダー
83%
最強の遺伝子 ミュウツー
83%
幻のいる島 セレビィ
83%
幻のいる島 ミュウ
83%
時空の激闘 パルキア
83%
時空の激闘 ダークライ
83%
時空の激闘 ディアルガ
83%
双天の守護者 ルナアーラ
83%
双天の守護者 ソルガレオ
83%
異次元クライシス マッシブーン
83%
イーブイガーデン ブースター
83%
未知なる水域 エンテイ
83%
未知なる水域 スイクン
83%
未知なる水域 ライコウ
83%
メガライジング サンダース
83%
シャイニングメガ メガゲンガー
83%
PROMO-A ラプラス
83%
PROMO-A ウルトラネクロズマ
83%
最強の遺伝子 ナッシー
67%
最強の遺伝子 ウインディ
67%
最強の遺伝子 ゲンガー
67%
最強の遺伝子 カイリキー
67%
幻のいる島 ギャラドス
67%
幻のいる島 プテラ
67%
超克の光 リーフィア
67%
超克の光 グレイシア
67%
超克の光 ガブリアス
67%
超克の光 アルセウス
67%
シャイニングハイ ルカリオ
67%
双天の守護者 ジュナイパー
67%
双天の守護者 ダダリン
67%
双天の守護者 ガオガエン
67%
双天の守護者 アローラ ライチュウ
67%
異次元クライシス アクジキング
67%
イーブイガーデン アシレーヌ
67%
イーブイガーデン カイリュー
67%
空と海の導き ホウオウ
67%
空と海の導き ブラッキー
67%
空と海の導き ルギア
67%
メガライジング メガバシャーモ
67%
メガライジング メガギャラドス
67%
メガライジング メガチルタリス
67%
メガライジング イエッサン
67%
メガライジング エビワラー
67%
紅蓮ブレイズ メガミミロップ
67%
パルデアワンダー マスカーニャ
67%
シャイニングメガ メガライボルト
67%
最強の遺伝子 プクリン
67%
PROMO-A クレセリア
67%
シャイニングメガ メガリザードンX
67%
紅蓮ブレイズ メガリザードンY
67%
最強の遺伝子 ガラガラ
50%
時空の激闘 ゴウカザル
50%
時空の激闘 マニューラ
50%
シャイニングハイ ギラティナ
50%
双天の守護者 アローラ ベトベトン
50%
異次元クライシス ルガルガン
50%
イーブイガーデン ニンフィア
50%
イーブイガーデン イーブイ
50%
イーブイガーデン カビゴン
50%
空と海の導き エーフィ
50%
未知なる水域 ワタッコ
50%
メガライジング メガアブソル
50%
紅蓮ブレイズ メガフシギバナ
50%
紅蓮ブレイズ メガカメックス
50%
紅蓮ブレイズ メガハガネール
50%
夢幻パレード アローラ キュウコン
50%
夢幻パレード ストリンダー
50%
夢幻パレード メガサーナイト
50%
パルデアワンダー ハラバリー
50%
シャイニングメガ メガハッサム
50%
PROMO-A レックウザ
50%
PROMO-B メガラティオス
50%
幻のいる島 ピジョット
33%
時空の激闘 メガヤンマ
33%
時空の激闘 ムウマージ
33%
時空の激闘 ベロベルト
33%
シャイニングハイ スピアー
33%
シャイニングハイ ビーダル
33%
双天の守護者 ケケンカニ
33%
異次元クライシス カプ・コケコ
33%
空と海の導き キングドラ
33%
空と海の導き クロバット
33%
空と海の導き エアームド
33%
メガライジング メガカイロス
33%
メガライジング ゲッコウガ
33%
メガライジング メガデンリュウ
33%
メガライジング メルメタル
33%
メガライジング ケンタロス
33%
夢幻パレード ズガドーン
33%
夢幻パレード メガラグラージ
33%
夢幻パレード ミミッキュ
33%
パルデアワンダー パオジアン
33%
シャイニングメガ メガヤドラン
33%
PROMO-A ハピナス
33%
PROMO-A ライチュウ
33%
PROMO-B メガピジョット
33%
時空の激闘 パチリス
17%
時空の激闘 エルレイド
17%
シャイニングハイ ウミトリオ
17%
シャイニングハイ パルデア ドオー
17%
シャイニングハイ デカヌチャン
17%
異次元クライシス アローラ ダグトリオ
17%
空と海の導き ツボツボ
17%
未知なる水域 ニョロボン
17%
メガライジング エルフーン
17%
メガライジング ギャロップ
17%
メガライジング ドラミドロ
17%
夢幻パレード オーガポン みどりのめん
17%
夢幻パレード ギガイアス
17%
夢幻パレード メガクチート
17%
パルデアワンダー サーフゴー
17%
PROMO-B メガチャーレム
17%
超克の光 ダイノーズ
0%
双天の守護者 ヨワシ
0%
双天の守護者 ナゲツケサル
0%
空と海の導き ランターン
0%
空と海の導き ドンファン
0%
夢幻パレード メガガルーラ
0%
パルデアワンダー グレンアルマ
0%
No matching quizzes found
Score Distribution
Percent of People with Each Score
Percentile by Number Answered
Your Score History
You have not taken this quiz since the last reset